Länder mit dem größten Bevölkerungszuwachs bis 2070 - Statistiken

Allgemein
  • Dieses Quiz wurde 63 mal gespielt
  • Das Durchschnittsergebnis liegt bei 11 aus 20
Antwortstatistiken
# % Land % Korrekt
271 m 19% Indien
93%
46.6 m 14% Vereinigte Staaten
80%
80.1 m 302% Niger
75%
252 m 114% Nigeria
73%
73.9 m 66% Ägypten
66%
213 m 213% D. R. Kongo
63%
41.8 m 15% Indonesien
63%
63.5 m 134% Sudan
59%
147 m 118% Äthiopien
58%
202 m 85% Pakistan
54%
114 m 172% Tansania
53%
47.1 m 87% Kenia
49%
43.3 m 190% Mali
47%
50.6 m 152% Mosambik
42%
58.7 m 51% Philippinen
42%
64.0 m 178% Angola
37%
40.1 m 141% Elfenbeinküste
36%
48.2 m 108% Irak
36%
64.5 m 135% Uganda
34%
52.8 m 127% Afghanistan
29%
Keine übereinstimmenden Quizze gefunden
Verteilung der Resultate
Anzahl Personen mit jedem Resultat
Perzentil nach korrekt beantworteten Fragen
Ihre Resultats-Entwicklung
Sie haben dieses Quiz noch nicht gespielt